Flaggen von Ländern, die Grenze Frankreich - Statistiken

Allgemein
  • Dieses Quiz wurde 240 mal gespielt
  • Das Durchschnittsergebnis liegt bei 9 aus 10
Antwortstatistiken
Flagge Land % Korrekt
Schweiz
100%
Belgien
99%
Brasilien
99%
Deutschland
99%
Italien
99%
Spanien
99%
Luxemburg
95%
Andorra
90%
Monaco
88%
Suriname
72%
Keine übereinstimmenden Quizze gefunden
Verteilung der Resultate
Anzahl Personen mit jedem Resultat
Perzentil nach korrekt beantworteten Fragen
Ihre Resultats-Entwicklung
Sie haben dieses Quiz noch nicht gespielt